[Event "SLO-ch U10 Girls"]
[Site "Postojna"]
[Date "2008.03.01"]
[Round "9"]
[White "Janzekovic, Alja"]
[Black "Ulbin, Ana"]
[Result "1/2-1/2"]
[WhiteElo "1500"]
[BlackElo "1500"]
[PlyCount "85"]
[EventDate "2008.02.24"]
[EventType "swiss"]
[EventRounds "9"]
[EventCountry "SLO"]
[SourceTitle "EXT 2010"]
[Source "ChessBase"]
[SourceDate "2010.11.25"]
[SourceVersion "1"]
[SourceVersionDate "2010.11.25"]
[SourceQuality "1"]

1. e4 e5 2. Nf3 Nc6 3. Bb5 Bd6 4. Bxc6 dxc6 5. d3 Nf6 6. Bg5 0-0 7. Nh4 h6 8. Be3 Ng4 9. Nf3 b6 10. h3 Nxe3 11. fxe3 f6 12. Nh4 Bc5 13. Ng6 Rf7 14. Qe2 Be6 15. Nc3 Bb4 16. Qd2 b5 17. a3 Bxc3 18. Qxc3 Qd6 19. d4 exd4 20. exd4 Bd7 21. e5 Qe6 22. 0-0-0 Qd5 23. Rhg1 Qa2 24. exf6 gxf6 25. Rge1 Kg7 26. Qd3 Qa1+ 27. Kd2 Qxb2 28. Re2 b4 29. a4 c5 30. dxc5 Bxa4 31. Rde1 Qxc2+ 32. Qxc2 Bxc2 33. Kxc2 Kxg6 34. Re7 Rb8 35. Rxf7 Kxf7 36. Kb3 a5 37. Ka4 b3 38. Rb1 b2 39. Kxa5 c6 40. Ka6 f5 41. Ka7 Rb5 42. Ka6 f4 43. h4 1/2-1/2

[Event "SLO-ch U10 Girls"]
[Site "Postojna"]
[Date "2008.02.28"]
[Round "7"]
[White "Ulbin, Ana"]
[Black "Plej, Tjasa"]
[Result "1/2-1/2"]
[WhiteElo "1500"]
[BlackElo "1500"]
[PlyCount "65"]
[EventDate "2008.02.24"]
[EventType "swiss"]
[EventRounds "9"]
[EventCountry "SLO"]
[SourceTitle "EXT 2010"]
[Source "ChessBase"]
[SourceDate "2010.11.25"]
[SourceVersion "1"]
[SourceVersionDate "2010.11.25"]
[SourceQuality "1"]

1. e4 c5 2. Nf3 d6 3. Bb5+ Nd7 4. Bxd7+ Bxd7 5. c4 e5 6. d3 Be7 7. 0-0 Nf6 8. Nc3 0-0 9. Qb3 Bc6 10. Re1 Ng4 11. h3 Nf6 12. Bg5 h6 13. Bxf6 Bxf6 14. Nd5 a5 15. a4 Bxd5 16. exd5 Rb8 17. Re4 Qd7 18. Qb6 Bd8 19. Qb3 f5 20. Rh4 Bxh4 21. Nxh4 Qe7 22. Ng6 Qf7 23. Nxf8 Rxf8 24. Qb6 Qd7 25. Qxa5 e4 26. Qe1 exd3 27. Qe6+ Qxe6 28. dxe6 Re8 29. Rd1 Rxe6 30. Rxd3 Kf8 31. Rb3 Re1+ 32. Kh2 Re7 33. a5 1/2-1/2

[Event "SLO-ch U10 Girls"]
[Site "Postojna"]
[Date "2008.02.28"]
[Round "6"]
[White "Zupevc, Lucija"]
[Black "Ulbin, Ana"]
[Result "1-0"]
[WhiteElo "1500"]
[BlackElo "1500"]
[PlyCount "67"]
[EventDate "2008.02.24"]
[EventType "swiss"]
[EventRounds "9"]
[EventCountry "SLO"]
[SourceTitle "EXT 2010"]
[Source "ChessBase"]
[SourceDate "2010.11.25"]
[SourceVersion "1"]
[SourceVersionDate "2010.11.25"]
[SourceQuality "1"]

1. e4 e5 2. Nf3 Nc6 3. Bc4 h6 4. c3 Nf6 5. d3 Bc5 6. h3 0-0 7. d4 Bb6 8. 0-0 Nxe4 9. Re1 Nd6 10. Na3 e4 11. Ne5 Nxe5 12. dxe5 Nf5 13. Rxe4 Nh4 14. g3 Nf5 15. Bd3 d6 16. Bc2 Re8 17. Nc4 dxe5 18. Nxe5 Nd6 19. Re1 f6 20. Nf3 Rxe1+ 21. Nxe1 Bxh3 22. Bb3+ Nc4 23. Qxd8+ Rxd8 24. Bxc4+ Rd5 25. Bxd5+ Kh8 26. Be4 f5 27. Bc2 Kg8 28. Bf4 Kf7 29. Be3 Ke6 30. Bxb6 axb6 31. Ng2 f4 32. Nxf4+ Ke5 33. Nxh3 g5 34. f4+ 1-0

[Event "SLO-ch U10 Girls"]
[Site "Postojna"]
[Date "2008.02.26"]
[Round "4"]
[White "Ramus, Julija Cvetkov"]
[Black "Ulbin, Ana"]
[Result "0-1"]
[WhiteElo "1500"]
[BlackElo "1500"]
[PlyCount "58"]
[EventDate "2008.02.24"]
[EventType "swiss"]
[EventRounds "9"]
[EventCountry "SLO"]
[SourceTitle "EXT 2010"]
[Source "ChessBase"]
[SourceDate "2010.11.25"]
[SourceVersion "1"]
[SourceVersionDate "2010.11.25"]
[SourceQuality "1"]

1. e4 e5 2. d3 Nc6 3. a3 Nf6 4. Be2 Bd6 5. Nf3 0-0 6. 0-0 a6 7. Bd2 Nd4 8. Nxd4 exd4 9. c3 Be5 10. Re1 d6 11. cxd4 Bxd4 12. Ra2 Be6 13. Nc3 Bxa2 14. Nxa2 Bxb2 15. a4 b5 16. axb5 axb5 17. Nb4 Ra1 18. Qc2 Rxe1+ 19. Bxe1 Ba3 20. Nc6 Qd7 21. Nd4 c5 22. Nf5 c4 23. dxc4 Qc7 24. Bd3 d5 25. exd5 Re8 26. Bc3 b4 27. Bd4 Qd7 28. Bxf6 Qxf5 29. Bxf5 Re1# 0-1

[Event "SLO-ch U10 Girls"]
[Site "Postojna"]
[Date "2008.02.24"]
[Round "1"]
[White "Nemec, Hana"]
[Black "Ulbin, Ana"]
[Result "1-0"]
[WhiteElo "1500"]
[BlackElo "1500"]
[PlyCount "79"]
[EventDate "2008.02.24"]
[EventType "swiss"]
[EventRounds "9"]
[EventCountry "SLO"]
[SourceTitle "EXT 2010"]
[Source "ChessBase"]
[SourceDate "2010.11.25"]
[SourceVersion "1"]
[SourceVersionDate "2010.11.25"]
[SourceQuality "1"]

1. e4 e5 2. Nf3 Nc6 3. Bd3 d6 4. Bb5 Nf6 5. Bxc6+ bxc6 6. d3 Be7 7. Bg5 0-0 8. Bxf6 Bxf6 9. d4 Bg4 10. h3 Bxf3 11. Qxf3 Rb8 12. b3 Bg5 13. g3 Rb4 14. h4 Bh6 15. dxe5 d5 16. exd5 cxd5 17. Nc3 d4 18. Nd5 c6 19. Nxb4 c5 20. Nc6 Qd5 21. Qxd5 g6 22. Nxa7 Bg7 23. Qxc5 d3 24. cxd3 Bh6 25. Nc8 Rxc8 26. Qxc8+ Bf8 27. a4 Kg7 28. a5 Bb4+ 29. Ke2 Bc3 30. Qxc3 Kh6 31. a6 f5 32. a7 f4 33. gxf4 g5 34. fxg5+ Kg6 35. a8Q Kf5 36. Qf3+ Ke6 37. Ra6+ Kd7 38. Qfc6+ Kd8 39. Qc7+ Ke8 40. Ra8# 1-0